000
00310pab a2200121 454500
008
180718b xxu||||| |||| 00| 0 eng d
100
_a
Malhotra, Inder
245
_a
Political commentary: sad plight of civil services
650
_a
Bureaucracy
650
_a
Civil Service
773
_a
Time of India
909
_a
2984
999
_c
2984
_d
2984